Analiza obrazu powierzchni obrobionej do celów estymacji parametrów tej powierzchni / (Rekord nr 3744)
| 000 -ETYKIETA REKORDU | |
|---|---|
| podpole kontrolne o stałej długości | 01372naa a22002411i 4500 |
| 001 - NUMER KONTROLNY REKORDU | |
| podpole kontrolne | 3744 |
| 003 - IDENTYFIKATOR NUMERU KONTROLNEGO REKORDU | |
| podpole kontrolne | KOSZ 005 |
| 005 - DATA OSTATNIEJ MODYFIKACJI REKORDU | |
| podpole kontrolne | 20190606151629.0 |
| 008 - POLE O STAŁEJ DŁUGOŚCI - DANE KONTROLNE | |
| podpole kontrolne o stałej długości | 140613s2007 pl f |000 0 pol d |
| 040 ## - ŹRÓDŁO KATALOGOWANIA | |
| Instytucja, która utworzyła rekord | KOSZ 005 |
| Instytucja, która sporządziła opis | KOSZ 005 |
| Instytucja, która dokonała modyfikacji | KOSZ 005/ac |
| -- | KOSZ 005/HR |
| 041 ## - KOD JĘZYKA | |
| Kod języka tekstu | pol |
| Kod języka streszczenia lub abstraktu | eng |
| 084 ## - NUMER INNEJ KLASYFIKACJI | |
| Numer klasyfikacji | 621.9 |
| 100 1# - NAZWA OSOBOWA | |
| Nazwa osobowa | ZAWADA-TOMKIEWICZ, Anna. |
| Lata pracy | 1996 - . |
| Instytucja | Politechnika Koszalińska - Wydział Mechaniczny, |
| Wydział | Zakład Zarządzania i Marketingu w Budowie i Eksploatacji Maszyn |
| 245 10 - TYTUŁ/ODPOWIEDZIALNOŚĆ | |
| Tytuł | Analiza obrazu powierzchni obrobionej do celów estymacji parametrów tej powierzchni / |
| Pozostałe elementy strefy tytułu i oznaczenia odpowiedzialności | Anna Zawada-Tomkiewicz. |
| 246 31 - WARIANT TYTUŁU | |
| Tytuł | Machined surface image analysis for the estimation of this surface parameters |
| 500 ## - UWAGI OGÓLNE | |
| Tekst uwagi | Dane z autopsji. |
| 520 ## - UWAGA DOTYCZĄCA TREŚCI DOKUMENTU | |
| Analiza dokumentacyjna, adnotacja itp. | W pracy przedstawiono zagadnienia modelowania obrazu powierzchni obrobionej. Zostały przeanalizowane wybrane metody opisu obrazu dla powierzchni po toczeniu. Wyróżniono metody profilowe i obszarowe. Zastosowano metodę OBSM do wybrania, które parametry obrazu są najbardziej przydatne w estymacji parametru Ra chropowatości powierzchni obrobionej. |
| 650 #0 - HASŁO PRZEDMIOTOWE W FORMIE NAZWY OGÓLNEJ LUB JEDNOSTKOWEJ | |
| Nazwa ogólna lub geograficzna | Powierzchnia. |
| 655 #0 - TERMIN INDEKSOWY - OKREŚLENIE RODZAJU/FORMY DOKUMENTU | |
| Określnie rodzaju/formy dokumentu | Materiały konferencyjne. |
| 650 #0 - HASŁO PRZEDMIOTOWE W FORMIE NAZWY OGÓLNEJ LUB JEDNOSTKOWEJ | |
| Nazwa ogólna lub geograficzna | Chropowatość |
| 773 0# - TYTUŁ DOKUMENTU MACIERZYSTEGO | |
| Wyrażenie wprowadzające | W : |
| Tytuł | Acta Mechanica et Automatica. - |
| Adres wydawniczy | Białystok : Wydaw. Politechniki Białostockiej. - |
| Informacje dotyczące relacji | 2007, Vol. 1, nr 2, s. 21-26 |
| ISSN | 1898-4088 |
| 942 ## - HASŁO DODATKOWE - ELEMENTY(KOHA) | |
| Typ dokumentu | Artykuł |
| Schemat klasyfikacji | Uniwersalna klasyfikacja dziesiętna |
| Wycofany | Zagubiony | Uszkodzony | Dostępność | Lokalizacja stała | Lokalizacja bieżąca | Sygnatura | Typ dokumentu |
|---|---|---|---|---|---|---|---|
| Dostępny | Bibliografia Prac Pracowników - BPK | Bibliografia Prac Pracowników - BPK | 01514 | Artykuł |
